00811 2200301 4500001002100000005001700021008004100038035002400079082001200103090001900115100001600134245011800150250001100268260002200279300002500301500002700326650002000353850001500373980001500388985000600403986001000409999001500419999001500434999001500449999001500464999001500479999001500494YOGYA-0209000003131620090227024557.0 ind  0010-020900000031316 a910.206 a910.206bAdi L aAdi Nugroho a51 kiat menjadi agen tiket yang berhasilbkiat dunia usaha tiket agency untuk meraij keuntungancoleh Adi Nugroho aCet. 1 aSolobAnekac1994 a112 hlmbilusc21 cm aBibliografi : hlm. 112 aAgen perjalanan aYOPDYOG(B) a07-09-2006 a6 aMrref a96P0077226 a96P0077227 a97P0096325 a97P0096326 a00P0000122 a96P0081839